The “Ideological Offensive” in Education: the Portrayal of the United States in Secondary Curricula and Textbooks in Poland during the Stalinist Period (1948–1956)

Titel: The “Ideological Offensive” in Education: the Portrayal of the United States in Secondary Curricula and Textbooks in Poland during the Stalinist Period (1948–1956) / Joanna Król & Teresa G. Wojcik
Verfasser: ;
In: Cold war history, Band 17, Heft 3 (2017), Seite 299-319
alle Artikel anzeigen
Veröffentlicht: 2017
Format: Aufsatz
Sprache: Englisch
Schlagworte:
Kein Bild verfügbar
X
alg: 42534032
001A    $03025:31-01-18 
001B    $01999:31-01-18 $t23:02:29.000 
001C    $03025:31-01-18 $t15:26:07.000 
001D    $03025:31-01-18 
001U    $0utf8 
001X    $00 
002@    $0Oou 
002C    $aText $btxt $2rdacontent 
002D    $aComputermedien $bc $2rdamedia 
002E    $aOnline-Ressource $bcr $2rdacarrier 
003@    $0425340325 
004P    $010.1080/14682745.2017.1284202 
007A    $0425340325 $aHEB 
010@    $aeng 
010E    $erda 
011@    $a2017 
021A    $aThe @“Ideological Offensive” in Education: the Portrayal of the United States in Secondary Curricula and Textbooks in Poland during the Stalinist Period (1948–1956) $hJoanna Król & Teresa G. Wojcik 
028A    $BVerfasser $4aut $7 $8Król, Joanna [Tnu] $9225588072 
028C    $BVerfasser $4aut $7 $8Wojcik, Teresa G. [Tnd] $9425340309 
031A    $d17 $e3 $h299-319 $j2017 
039B    $aEnthalten in $8--Obvc--. Cold war history. - London : Cass, 2000-. - Online-Ressource. - ISSN 1743-7962 $x201700000170003701 $9104512997 
044K    $RKongresspolen $RWestgalizien $#Generalgouvernement Polen $#Polska $#Rzeczpospolita Polska $#Polska Rzeczpospolita Ludowa $#Poland $#Pologne $#République Polonaise $#Generalne Gubernatorstwo w Polsce $#Polish People's Republic $#Polska Rzeczpospolita Polen $#PRL $#RP $#Polen Generalgouvernement $#Polska Generalgouvernement $#Besetzte Polnische Gebiete $#Besetztes Gebiet in Polen $#Okupowane Polskie Obszary $#Obszary Okupowane w Polsce $#Volksrepublik Polen $#Polska Rosyjska $#Republic Polen $#Respublika Pol'ša $#Pol'skaja Narodnaja Respublika $#République de Pologne $#Polen Links der Weichsel $#Polska po Lewej Stronie Wisły $#Lenkija $#Polija $#Gubernija Carstva Pol'skago $#Republik Polen $74046496-9 $8Polen [Tg1] $9085129801 
044K    $RPädagogik $RUnterricht $#Education $#Éducation $#Erziehungspraxis $#Education $74015482-8 $8Erziehung [Ts1] $9085035378 
044K    $RDidaktik $RErziehung $#Teaching $#Enseignement $#Schulunterricht $#Unterrichtsgestaltung $#Unterricht Didaktik $74062005-0 $8Unterricht [Ts1] $9085172456 
044K    $RKommunismus $REntstalinisierung $#Stalinisme $#Stalinismus $74056883-0 $8Stalinismus [Ts1] $9085158437 
044K    $RBeeinflussung $RIndoktrination $#Propaganda $#Propagande $#Propaganda $#Propaganda $#Propaganda $#Politische Propaganda $74076374-2 $8Propaganda [Ts1] $9085216534 
045R    $aGeschichte 1948-1956 

lok: 42534032 78

exp: 42534032 78 1 #EPN
201B/01 $031-01-18 $t15:24:50.000 
201C/01 $031-01-18 
201U/01 $0utf8 
203@/01 $01016994265 
208@/01 $a31-01-18 $be 
209A/01 $a/ $f000 $x00 
209A/01 $ab*p $x01 
220C/01 $apgar 
244Z/01 $#Generalgouvernement Polen $#Polska $#Rzeczpospolita Polska $#Polska Rzeczpospolita Ludowa $#Poland $#Pologne $#République Polonaise $#Generalne Gubernatorstwo w Polsce $#Polish People's Republic $#Polska Rzeczpospolita Polen $#PRL $#RP $#Polen Generalgouvernement $#Polska Generalgouvernement $#Besetzte Polnische Gebiete $#Besetztes Gebiet in Polen $#Okupowane Polskie Obszary $#Obszary Okupowane w Polsce $#Volksrepublik Polen $#Polska Rosyjska $#Republic Polen $#Respublika Pol'ša $#Pol'skaja Narodnaja Respublika $#République de Pologne $#Polen Links der Weichsel $#Polska po Lewej Stronie Wisły $#Lenkija $#Polija $#Gubernija Carstva Pol'skago $#Republik Polen $74046496-9 $8--Tg1--Polen $x01 $9085129801 
247C/01 $82080>Marburg/Lahn, Herder-Institut, Forschungsbibliothek, Bibliographieportal $9336309341
LEADER 00000caa a2200000 c 4500
001 425340325
003 DE-603
005 20180131230229.0
007 cr||||||||||||
008 180131s2017 xx |||| o| u00||u|eng c
024 7 |a 10.1080/14682745.2017.1284202  |2 doi 
035 |a (DE-599)HEB425340325 
040 |a DE-603  |b ger  |c DE-603  |d DE-603  |e rda 
041 |a eng 
100 1 |a Król, Joanna  |e Verfasser  |4 aut  |0 (DE-603)225588072 
245 0 0 |a ˜Theœ “Ideological Offensive” in Education: the Portrayal of the United States in Secondary Curricula and Textbooks in Poland during the Stalinist Period (1948–1956)  |c Joanna Król & Teresa G. Wojcik 
264 0 |c 2017 
336 |a Text  |b txt  |2 rdacontent 
337 |a Computermedien  |b c  |2 rdamedia 
338 |a Online-Ressource  |b cr  |2 rdacarrier 
648 7 |a Geschichte 1948-1956  |2 gnd 
650 7 |a Erziehung  |0 (DE-588)4015482-8  |0 (DE-603)085035378  |2 gnd 
650 7 |a Unterricht  |0 (DE-588)4062005-0  |0 (DE-603)085172456  |2 gnd 
650 7 |a Stalinismus  |0 (DE-588)4056883-0  |0 (DE-603)085158437  |2 gnd 
650 7 |a Propaganda  |0 (DE-588)4076374-2  |0 (DE-603)085216534  |2 gnd 
651 7 |a Polen  |0 (DE-588)4046496-9  |0 (DE-603)085129801  |2 gnd 
700 1 |a Wojcik, Teresa G.  |e Verfasser  |4 aut  |0 (DE-603)425340309 
773 0 8 |i Enthalten in  |t Cold war history  |d London : Cass, 2000-  |h Online-Ressource  |x 1743-7962  |g Band 17, Heft 3 (2017), Seite 299-319  |w (DE-603)104512997  |w (DE-600)2077986-0 
924 1 |9 2080  |a (DE-603)1016994265  |b DE-2080  |c HES  |d d  |g /